| 000 | 02985nam a2200325 a 4500 | ||
|---|---|---|---|
| 001 | |||
| 003 | DO-SdBNP | ||
| 005 | 20211115111049.0 | ||
| 008 | 100212s2009 dr 000 0 spa d | ||
| 020 | _a9789945404258 | ||
| 040 |
_aDO-SdBNP _bspa _cBPMSU |
||
| 049 | _a | ||
| 082 |
_a780.97293 _bC334s _222 |
||
| 100 | 1 | _aCasado, Fernando | |
| 245 | 1 | 0 |
_aSanto Domingo : _btesoro de la cultura musical antillana, origen de ritmos e instrumentos, comparativo socio-cultural entre La Española y Cuba desde los primeros años de la colonización / _cFernando Casado ; revisión de texto José Chez Checo, Javier Cabral Díaz. |
| 260 |
_aSanto Domingo : _bEdiciones de Cultura, _c2009. _fEditorial Búho |
||
| 300 |
_a493 p. : _bil., mus. ; _c27 cm. |
||
| 500 | _aIncluye índice | ||
| 500 | _aIncluye datos biográficos del autor en las solapas. | ||
| 500 | _aIncluye datos biográficos del autor en la solapa | ||
| 504 | _aBibliografía: p. 473-479. | ||
| 505 | _aLos nucleamientos de la isla de Quisqueya eran los más avanzados de toda el área antillana -- t Del diario de Colón -- t Las conjugaciones primarias -- t Del templo a las calles: las cofradías -- t Las notas de un nuevo pentagrama -- t El sonar del campanario -- t Primeras universidades del nuevo mundo -- t La Española y Cuba -- t Dacapo en la colonización de Cuba -- t La huella sonora de las hermanas Ginés -- t Teodora y Micaela Ginés -- t El guiro -- t Si las hermanas Ginés hubiesen sido cubanas y no dominicanas, la discusión sobre el son estaría de más -- t Dacapo con las Ginés -- t Criollización del tres... los tramos del proceso -- t William Walter Walton, testigo estelar -- t Las claves (palitos) fueron creación de los dominicanos t Los palitos bastardos del pueblo de Saáchez -- t ¿Quién era William Walton? -- t Decapo con Banza y tres -- t Cuestionando los de ahora -- t Un repique de tambora... desacuerdo -- t Decapo -- t El carabiné -- t Decapo al tres -- t El bolero -- t Decapo con el bolero -- t La criolla -- t Decapo... otra vez -- t Pentagrama -- t Sindo Garay... el eslabón perdido -- t Los pasos del merengue -- t Recuento sobre la música popular dominicana. | ||
| 590 | _6Inventariado, 2021/VM | ||
| 650 | 4 |
_aMúsica _xHistoria y crítica. _zRepública Dominicana |
|
| 650 | 4 |
_aInstrumentos musicales _xHistoria _zCuba |
|
| 650 | 4 |
_aMúsica _xHistoria y crítica _zCuba |
|
| 651 | _aMúsica popular cubana | ||
| 910 | _aVMateo V. | ||
| 942 |
_2ddc _cBK |
||
| 999 |
_c13873 _d13873 |
||